[Event "Oakham Young Masters"]
[Site "Oakham"]
[Date "1988.03.29"]
[Round "2.3"]
[White "Sadler, Matthew"]
[Black "Gelfand, Boris"]
[Result "0-1"]
[WhiteElo "2385"]
[BlackElo "2505"]
[EventDate "1988.03.28"]
[PlyCount "128"]
[Source "John Saunders"]

1.d4 Nf6 2.c4 g6 3.Nc3 Bg7 4.e4 d6 5.f3 O-O 6.Bg5 c5 7.d5 h6 8.Be3 e6 9.
Qd2 exd5 10.cxd5 Re8 11.Nge2 Nbd7 12.Ng3 h5 13.Be2 h4 14.Nf1 a6 15.Qc2 b5 
16.a4 b4 17.Nd1 Nh5 18.Nd2 f5 19.Nc4 b3 20.Qxb3 Rb8 21.Qc2 Ne5 22.Nd2 f4 
23.Bf2 Qg5 24.Rg1 Ng3 25.hxg3 hxg3 26.Bxc5 dxc5 27.Nc3 Qd8 28.Nc4 Qf6 29.
O-O-O Rb4 30.Nxe5 Qxe5 31.d6 Be6 32.d7 Rd8 33.Bxa6 Rxd7 34.Rxd7 Bxd7 35.
Rd1 Be6 36.Bb5 Qb8 37.Bc6 Bd4 38.Bd5 Qe5 39.Bxe6+ Qxe6 40.Rd3 Qc4 41.Kb1 
Kg7 42.Nd1 Rxa4 43.Qxc4 Rxc4 44.b3 Rb4 45.Kc2 Rb8 46.Nc3 Ra8 47.Rd2 g5 48.
Kd3 Ra1 49.Nd1 Kf6 50.b4 Ra3+ 51.Ke2 g4 52.fxg4 f3+ 53.Kf1 f2 54.bxc5 Bxc5
55.Rd5 Ba7 56.Rf5+ Ke6 57.Rf3 Ra1 58.Ke2 Ra2+ 59.Kf1 Rd2 60.Nc3 Bb8 61.e5 
Bxe5 62.Re3 Rd8 63.Ke2 Rf8 64.Kf1 Rh8 0-1

[Event "Oakham Young Masters"]
[Site "Oakham"]
[Date "1988.03.29"]
[Round "2.5"]
[White "Rechlis, Gad"]
[Black "Brenninkmeijer, Joris"]
[Result "1/2-1/2"]
[WhiteElo "2475"]
[BlackElo "2385"]
[EventDate "1988.03.28"]
[PlyCount "120"]
[Source "John Saunders"]

1.d4 Nf6 2.c4 e6 3.Nf3 Bb4+ 4.Bd2 c5 5.Bxb4 cxb4 6.g3 b6 7.Bg2 Bb7 8.O-O 
O-O 9.Qb3 a5 10.a3 Nc6 11.Nbd2 d5 12.Rfc1 Qe7 13.e3 a4 14.Qd1 Rfc8 15.cxd5
exd5 16.Bh3 Re8 17.Bf1 Ra5 18.Ne1 Qd6 19.Nd3 b3 20.Nf3 Ne4 21.Nfe5 Nxe5 
22.Nxe5 f6 23.Nd3 Qd7 24.Nb4 Raa8 25.Bd3 Nd6 26.Qh5 f5 27.Qf3 Rac8 28.Ba6 
Nc4 29.Bxb7 Qxb7 30.Nxd5 Qf7 31.Rc3 Nd2 32.Qe2 Ne4 33.Rxc8 Rxc8 34.Nb4 Qc4
35.Qf3 g6 36.Rd1 Kg7 37.h4 h5 38.Kg2 Qe6 39.Qe2 Qc4 40.Qe1 Nf6 41.d5 Rd8 
42.Qd2 Ne4 43.Qd4+ Qxd4 44.Rxd4 b5 45.f3 Nd6 46.Rd2 Rc8 47.Nc6 Nc4 48.Re2 
Kf6 49.e4 Ne5 50.Nb4 fxe4 51.fxe4 Rc4 52.Kf2 Rxb4 53.axb4 a3 54.bxa3 b2 
55.Rxb2 Nd3+ 56.Ke3 Nxb2 57.Kd4 Na4 58.e5+ Kf5 59.e6 Kf6 60.Ke4 Nc3+ 
1/2-1/2

[Event "Oakham Young Masters"]
[Site "Oakham"]
[Date "1988.03.29"]
[Round "2.7"]
[White "Horvath, Csaba"]
[Black "Rossiter, Philip"]
[Result "1-0"]
[WhiteElo "2445"]
[BlackElo "2330"]
[EventDate "1988.03.28"]
[PlyCount "81"]
[Source "John Saunders"]

1.e4 c5 2.Nf3 e6 3.d4 cxd4 4.Nxd4 Nf6 5.Nc3 d6 6.Be3 Be7 7.f3 Nc6 8.Qd2 d5
9.Bb5 Bd7 10.exd5 Nxd5 11.Nxd5 exd5 12.Nb3 a6 13.Bxc6 Bxc6 14.O-O-O O-O 
15.Qa5 Qd7 16.Kb1 Rfe8 17.Bd4 Bb5 18.Qd2 Qf5 19.Bc3 Bc6 20.Nd4 Qg6 21.h4 
Bf6 22.h5 Qg5 23.f4 Qg4 24.h6 Re4 25.Nxc6 bxc6 26.Bxf6 gxf6 27.Qc3 Re6 28.
Rhf1 Rc8 29.Rxd5 Qe2 30.Qg3+ Kf8 31.Rdd1 Rce8 32.Qg7+ Ke7 33.Qxh7 Rd8 34.
Rc1 Rd5 35.a3 Qxg2 36.Rfe1 Rd6 37.Qf5 Rxe1 38.Rxe1+ Re6 39.Qc5+ Ke8 40.Rg1
Qh2 41.Rg8+ 1-0

[Event "Oakham Young Masters"]
[Site "Oakham"]
[Date "1988.03.29"]
[Round "2.8"]
[White "Schulte, Oliver"]
[Black "Flear, Christine"]
[Result "1-0"]
[WhiteElo "2440"]
[BlackElo "2185"]
[EventDate "1988.03.28"]
[PlyCount "126"]
[Source "John Saunders"]

1.d4 d5 2.c4 e6 3.Nc3 c6 4.cxd5 exd5 5.Qc2 g6 6.Bf4 Bf5 7.Qd2 Bg7 8.e3 Nf6
9.h3 Qe7 10.g4 Be6 11.Bg2 Nbd7 12.Nge2 Nb6 13.Rd1 O-O 14.b3 Ne4 15.Nxe4 
dxe4 16.Qc2 f5 17.gxf5 Bxf5 18.Nc3 Rfe8 19.O-O Qe6 20.Kh2 Nd5 21.Nxd5 cxd5
22.Qd2 Rec8 23.Rc1 Bf8 24.Qa5 Rc6 25.Be5 b6 26.Rxc6 Qxc6 27.Rc1 Qd7 28.Qa6
Bd6 29.Bg3 Bxg3+ 30.fxg3 h5 31.a4 Qd6 32.h4 Qd7 33.a5 bxa5 34.Qxa5 Rb8 35.
Rc7 Qd8 36.Qxa7 Qf8 37.Rb7 Rd8 38.Rc7 Rb8 39.Rb7 Rc8 40.Qa5 Be6 41.Rb6 Rc2
42.Rxe6 Rxg2+ 43.Kxg2 Qf3+ 44.Kg1 Qxg3+ 45.Kf1 Qh3+ 46.Ke1 Qxe6 47.Qd8+ 
Kg7 48.b4 Qh3 49.Qe7+ Kh6 50.Qf8+ Kh7 51.Qf7+ Kh6 52.Qf4+ Kg7 53.b5 Qc8 
54.Qe5+ Kh7 55.Qe7+ Kh6 56.Qc5 Qa8 57.b6 Qa1+ 58.Kf2 Qb2+ 59.Kg3 Qe2 60.
Qf8+ Kh7 61.Qf7+ Kh6 62.Qf4+ Kg7 63.b7 Qe1+ 1-0

[Event "Oakham Young Masters"]
[Site "Oakham"]
[Date "1988.03.29"]
[Round "2.9"]
[White "Garcia Palermo, Carlos Horacio"]
[Black "Adams, Michael"]
[Result "1-0"]
[WhiteElo "2505"]
[BlackElo "2430"]
[EventDate "1988.03.28"]
[PlyCount "113"]
[Source "John Saunders"]

1.d4 Nf6 2.c4 e6 3.Nf3 Bb4+ 4.Bd2 Qe7 5.g3 Nc6 6.Bg2 Bxd2+ 7.Nbxd2 O-O 8.
O-O d6 9.e4 a5 10.d5 Nb8 11.Ne1 Na6 12.Nd3 e5 13.a3 c6 14.dxc6 bxc6 15.b4 
c5 16.b5 Nc7 17.f4 Nd7 18.f5 Nb6 19.a4 Ne8 20.Nb2 f6 21.Nb3 g6 22.Qd2 Qa7 
23.g4 Kg7 24.Rf3 Rh8 25.Raf1 h6 26.h4 Qc7 27.Rg3 Ra7 28.Nxa5 Nxa4 29.Nxa4 
Qxa5 30.Qxa5 Rxa5 31.Nb6 Bb7 32.h5 g5 33.Rd1 Kf8 34.Rdd3 Ke7 35.Ra3 Rxa3 
36.Rxa3 Kd8 37.Kf2 Kc7 38.Nd5+ Kb8 39.Bf1 Rh7 40.b6 Bc6 41.Ke3 Rb7 42.Ra6 
Rg7 43.Bd3 Bb7 44.Ra1 Bc6 45.Kd2 Rb7 46.Ra6 Rg7 47.Kc3 Bb7 48.Ra1 Bc6 49.
Bc2 Rb7 50.Ba4 Bxa4 51.Rxa4 Rd7 52.Kb3 Rf7 53.Ra6 Rg7 54.Ka4 Rh7 55.Kb5 
Rf7 56.Kc6 Rg7 57.Ra7 1-0

[Event "Oakham Young Masters"]
[Site "Oakham"]
[Date "1988.03.29"]
[Round "2.10"]
[White "Ward, Christopher"]
[Black "Norwood, David Robert"]
[Result "1/2-1/2"]
[WhiteElo "2310"]
[BlackElo "2460"]
[EventDate "1988.03.28"]
[PlyCount "44"]
[Source "John Saunders"]

1.d4 g6 2.c4 Bg7 3.Nc3 c5 4.Nf3 cxd4 5.Nxd4 Nc6 6.Nc2 Nf6 7.e4 O-O 8.Be2 
d6 9.O-O Bd7 10.Bg5 Rc8 11.Ne3 Re8 12.Rc1 Qb6 13.Bxf6 Bxf6 14.Ned5 Qxb2 
15.Rc2 Bxc3 16.Rxb2 Bxb2 17.Qb3 Bd4 18.Qxb7 Red8 19.Rd1 Rb8 20.Qxc6 Bxc6 
21.Nxe7+ Kg7 22.Nxc6 Bc5 1/2-1/2

[Event "Oakham Young Masters"]
[Site "Oakham"]
[Date "1988.03.29"]
[Round "2.11"]
[White "Thomas, Ian"]
[Black "Conquest, Stuart"]
[Result "0-1"]
[WhiteElo "2315"]
[BlackElo "2445"]
[EventDate "1988.03.28"]
[PlyCount "56"]
[Source "John Saunders"]

1.e4 c5 2.Nf3 d6 3.d4 Nf6 4.Nc3 cxd4 5.Nxd4 Nc6 6.Bc4 e6 7.Be3 a6 8.Qe2 
Qc7 9.O-O-O Bd7 10.f4 b5 11.Bb3 b4 12.Na4 Na5 13.Qf3 Nxb3+ 14.axb3 Rc8 15.
Rd2 Be7 16.Re1 O-O 17.g4 d5 18.e5 Ne4 19.Rg2 f6 20.exf6 Bxf6 21.Qd1 Qa5 
22.g5 Bxd4 23.Qxd4 Bxa4 24.bxa4 b3 25.Bd2 Rxc2+ 26.Kd1 Qc7 27.Rxe4 dxe4 
28.Qxe4 Rxb2 0-1

[Event "Oakham Young Masters"]
[Site "Oakham"]
[Date "1988.03.29"]
[Round "2.12"]
[White "Burgess, Mark"]
[Black "Blatny, Pavel"]
[Result "1/2-1/2"]
[WhiteElo "2250"]
[BlackElo "2440"]
[EventDate "1988.03.28"]
[PlyCount "188"]
[Source "John Saunders"]

1.Nf3 d6 2.d4 Nf6 3.c4 Nbd7 4.Nc3 e5 5.Bg5 Be7 6.e3 c6 7.Qc2 O-O 8.Bd3 Re8
9.O-O Qc7 10.Bh4 h6 11.Bg3 Nh5 12.Bh7+ Kh8 13.Bf5 Nxg3 14.hxg3 Bf8 15.Rad1
g6 16.Bh3 Bg7 17.e4 exd4 18.Nxd4 Kh7 19.Rd2 Ne5 20.b3 a6 21.Bxc8 Raxc8 22.
Rfd1 Rcd8 23.Nce2 Ng4 24.Nf4 Qa5 25.Nf3 Qa3 26.c5 Bf8 27.Qc4 Kg7 28.b4 g5 
29.Ne2 Re6 30.Ned4 Rf6 31.Nf5+ Kg8 32.cxd6 Re6 33.Rd3 Qa4 34.a3 a5 35.Qd4 
Qb5 36.bxa5 c5 37.Qd5 Nf6 38.Qb3 Qc6 39.Qb6 Qxb6 40.axb6 Nxe4 41.Nd2 Nf6 
42.Nc4 Nd7 43.Rd5 Ra8 44.f3 Ra4 45.Rc1 Kh7 46.g4 Bg7 47.Nxg7 Kxg7 48.Kf2 
Kf8 49.Rd3 Ra6 50.Rb3 Ra4 51.Re3 Rxe3 52.Kxe3 Ra6 53.Rb1 Kg7 54.Ke4 Nf6+ 
55.Kf5 Ra4 56.Rc1 Nd7 57.g3 Kf8 58.f4 gxf4 59.gxf4 Ke8 60.Rc3 Kf8 61.Rc2 
Ke8 62.Rc3 Kf8 63.Ne5 Nxb6 64.Rxc5 Rd4 65.Rc7 Rxd6 66.Rxf7+ Kg8 67.Rxb7 
Nd5 68.Rb8+ Kg7 69.Rb7+ Kg8 70.g5 hxg5 71.fxg5 Ra6 72.Rb3 Ne7+ 73.Kg4 Ra5 
74.Nf3 Ng6 75.Rb6 Kg7 76.Rb7+ Kg8 77.Rb3 Kg7 78.Re3 Ra4+ 79.Kf5 Kf7 80.
Ne5+ Nxe5 81.Kxe5 Ra5+ 82.Kf4 Ra4+ 83.Ke5 Ra5+ 84.Kd6 Rxg5 85.a4 Ra5 86.
Ra3 Ke8 87.Kc7 Rc5+ 88.Kb6 Rc1 89.a5 Kd7 90.a6 Rb1+ 91.Kc5 Rc1+ 92.Kb4 
Rb1+ 93.Kc4 Rc1+ 94.Kb3 Rb1+ 1/2-1/2

[Event "Oakham Young Masters"]
[Site "Oakham"]
[Date "1988.03.29"]
[Round "2.13"]
[White "Stratil, Ladislav jr"]
[Black "Patrat, Alexandre"]
[Result "1-0"]
[WhiteElo "2430"]
[BlackElo "2210"]
[EventDate "1988.03.28"]
[PlyCount "77"]
[Source "John Saunders"]

1.d4 d5 2.c3 g6 3.Bg5 Bg7 4.Nd2 c5 5.e3 Qb6 6.Qb3 Nc6 7.Ngf3 Nf6 8.Bd3 O-O
9.O-O Be6 10.Bf4 cxd4 11.exd4 h6 12.Rfe1 g5 13.Bg3 Nd7 14.Nf1 Bg4 15.N1d2 
Rad8 16.h4 Bxf3 17.Nxf3 g4 18.Nh2 e5 19.dxe5 Ndxe5 20.Bf5 h5 21.Nf1 d4 22.
Rad1 Qc5 23.Be4 b6 24.Bb1 dxc3 25.bxc3 Rfe8 26.Ne3 Na5 27.Qc2 Ng6 28.c4 
Rc8 29.Rd5 Qc6 30.Rc1 Qe6 31.Rd6 Qe7 32.Nf5 Qf8 33.Qd3 Rcd8 34.Rd1 Rxd6 
35.Bxd6 Rd8 36.Bxf8 Rxd3 37.Bxd3 Nxf8 38.Ng3 Ne6 39.Nxh5 1-0

[Event "Oakham Young Masters"]
[Site "Oakham"]
[Date "1988.03.29"]
[Round "2.14"]
[White "Morris, Philip"]
[Black "Janjgava, Lasha"]
[Result "0-1"]
[WhiteElo "2200"]
[BlackElo "2425"]
[EventDate "1988.03.28"]
[PlyCount "82"]
[Source "John Saunders"]

1.e4 c5 2.Nf3 e6 3.d4 cxd4 4.Nxd4 Nc6 5.Nc3 Qc7 6.Nxc6 bxc6 7.Bd3 Nf6 8.
O-O Be7 9.f4 d5 10.e5 Nd7 11.Na4 c5 12.c4 d4 13.Qg4 g6 14.b3 Bb7 15.Bd2 h5
16.Qe2 Kf8 17.Rae1 Rg8 18.Nb2 a5 19.a4 Rb8 20.Rb1 Rd8 21.Nd1 Qc6 22.Rf3 g5
23.fxg5 Bxg5 24.Rg3 Bxd2 25.Rxg8+ Kxg8 26.Qxd2 Nxe5 27.Qg5+ Kf8 28.Nf2 
Nxd3 29.Nxd3 Qe4 30.Rd1 Rc8 31.Nxc5 Qxg2+ 32.Qxg2 Bxg2 33.Nxe6+ fxe6 34.
Kxg2 e5 35.Kf3 Rb8 36.Rd3 Ke7 37.Ke4 Kd6 38.Rf3 Rg8 39.Rf6+ Kc5 40.Kxe5 d3
41.Ke4 Rd8 0-1

[Event "Oakham Young Masters"]
[Site "Oakham"]
[Date "1988.03.29"]
[Round "2.15"]
[White "Stefansson, Hannes Hlifar"]
[Black "Badulescu, Cristina"]
[Result "1/2-1/2"]
[WhiteElo "2395"]
[BlackElo "2255"]
[EventDate "1988.03.28"]
[PlyCount "83"]
[Source "John Saunders"]

1.e4 c5 2.Nf3 Nc6 3.d4 cxd4 4.Nxd4 Nf6 5.Nc3 e5 6.Ndb5 d6 7.Nd5 Nxd5 8.
exd5 Ne7 9.c4 Nf5 10.Bd3 g6 11.O-O a6 12.Bg5 Be7 13.Bxe7 Qxe7 14.Nc3 O-O 
15.a4 a5 16.Nb5 Bd7 17.Bxf5 Bxf5 18.Qd2 Bd7 19.Nc3 f5 20.Rfe1 Rac8 21.b3 
Qd8 22.Qe3 Qc7 23.f3 Rf7 24.Kf1 Rg7 25.f4 e4 26.g3 Qc5 27.Ke2 h5 28.Kd2 
Kf7 29.Re2 Ke7 30.h3 Rh7 31.Rg1 Rch8 32.Kc2 Kd8 33.g4 hxg4 34.Qxc5 dxc5 
35.hxg4 Rh3 36.gxf5 Bxf5 37.Kb2 Rf3 38.Nxe4 Bxe4 39.Rxe4 Rhh3 40.Ka2 Rxb3 
41.Rxg6 Rb4 42.d6 1/2-1/2

[Event "Oakham Young Masters"]
[Site "Oakham"]
[Date "1988.03.29"]
[Round "2.16"]
[White "Bellini, Fabio"]
[Black "Howell, James"]
[Result "0-1"]
[WhiteElo "2300"]
[BlackElo "2380"]
[EventDate "1988.03.28"]
[PlyCount "200"]
[Source "John Saunders"]

1.e4 e5 2.Nf3 Nc6 3.Nc3 Nf6 4.d4 exd4 5.Nxd4 Bb4 6.Nxc6 bxc6 7.Bd3 O-O 8.
O-O d5 9.exd5 cxd5 10.Bg5 Be6 11.Ne2 Bg4 12.c3 Be7 13.Qc2 h6 14.Bh4 Re8 
15.Nd4 Qd6 16.b4 c5 17.bxc5 Qxc5 18.f3 Bd7 19.Bf2 Qc7 20.Bg3 Bd6 21.Bxd6 
Qxd6 22.Rfe1 Rxe1+ 23.Rxe1 Rc8 24.Qd2 Qa3 25.Rc1 Kf8 26.Ne2 Rb8 27.Rb1 
Rxb1+ 28.Bxb1 Bb5 29.Nc1 Nd7 30.Bd3 Qc5+ 31.Kf1 Bxd3+ 32.Qxd3 Qa3 33.Nb3 
Nb6 34.Qc2 Nc4 35.Kf2 Qd6 36.Kg1 Qe5 37.Qc1 Qe2 38.h3 Qxa2 39.Nd4 a5 40.
Qf4 Qb1+ 41.Kh2 Qb6 42.Qf5 Qd6+ 43.Kh1 Kg8 44.Qc8+ Kh7 45.Qe8 Qf4 46.Nc6 
Nd6 47.Qb8 Qc1+ 48.Kh2 Qf4+ 49.Kh1 Qf6 50.Nxa5 Qxc3 51.Qxd6 Qxa5 52.Qe5 
Qd8 53.Kg1 Qg5 54.Qd4 Qc1+ 55.Kh2 Qc7+ 56.Kh1 Qc1+ 57.Kh2 Qc4 58.Qe5 d4 
59.Qe4+ g6 60.h4 Qc5 61.Kg3 h5 62.Qe8 Kg7 63.Qe4 Kf6 64.f4 Qd6 65.Qd3 Kg7 
66.Kf3 Qd5+ 67.Kf2 Qc5 68.Ke2 Kh7 69.Qe4 Qc4+ 70.Kd2 Qc3+ 71.Ke2 Qb2+ 72.
Kd3 Qc3+ 73.Ke2 Qc4+ 74.Kd2 Qf1 75.Kc2 Qg1 76.Kd2 Kg8 77.Qe8+ Kg7 78.Qe5+ 
Kh7 79.Qe4 Qa1 80.Ke2 Qa6+ 81.Kd2 Qf1 82.Kc2 Qf2+ 83.Kd3 Qxh4 84.Kxd4 Qg3 
85.Kc5 Qa3+ 86.Kb5 Qc3 87.Qe2 Qc8 88.g3 Qc3 89.Qf2 Kg7 90.Qg2 Kf8 91.Qa8+ 
Kg7 92.Qg2 Kf6 93.Qd5 Ke7 94.Qb7+ Ke6 95.f5+ gxf5 96.Qb6+ Ke7 97.Qf2 Kf6 
98.Kb6 Qc4 99.Qf3 Kg5 100.Qe3+ Kg4 0-1

[Event "Oakham Young Masters"]
[Site "Oakham"]
[Date "1988.03.29"]
[Round "2.17"]
[White "Flear, Glenn Curtis"]
[Black "Bruk, Ofer"]
[Result "1-0"]
[WhiteElo "2460"]
[BlackElo "2340"]
[EventDate "1988.03.28"]
[PlyCount "175"]
[Source "John Saunders"]

1.d4 Nf6 2.c4 e6 3.Nf3 Bb4+ 4.Nbd2 d5 5.Qa4+ Nc6 6.a3 Be7 7.e3 O-O 8.Bd3 
dxc4 9.Nxc4 a5 10.O-O Bd7 11.Qc2 h6 12.e4 Be8 13.e5 Nd5 14.Qe2 Qd7 15.Bc2 
f5 16.exf6 Nxf6 17.Qd3 Rd8 18.Be3 Bd6 19.h3 Qf7 20.Rfe1 Qh5 21.Nxd6 cxd6 
22.Rad1 Rd7 23.Bc1 Bf7 24.Nh2 Ne7 25.Ng4 Bg6 26.Qe2 Qd5 27.Bxg6 Nxg6 28.
Qxe6+ Qxe6 29.Rxe6 Nxg4 30.hxg4 Ne7 31.d5 Kf7 32.Re2 Rc8 33.Be3 Rc4 34.f3 
b5 35.Bb6 a4 36.Rdd2 Rb7 37.Ba5 Rc1+ 38.Kf2 Rc8 39.Re4 Rd7 40.Bb4 Rcc7 41.
Re3 Rc4 42.Kg3 Rd8 43.Re6 Nxd5 44.Rxd6 Rxd6 45.Bxd6 Ke6 46.Bf8 Rc7 47.Re2+
Kf7 48.Re5 Kxf8 49.Rxd5 Rb7 50.Kf4 Ke7 51.Kf5 Rb6 52.Re5+ Kf7 53.Rc5 Rb7 
54.Ke4 b4 55.Ra5 bxa3 56.bxa3 Rb2 57.g3 Re2+ 58.Kd3 Rg2 59.Ke3 Rxg3 60.Kf2
Rh3 61.Kg2 Rh4 62.Rxa4 h5 63.Rf4+ Kg8 64.a4 hxg4 65.fxg4 Rh6 66.a5 Ra6 67.
Ra4 Kf7 68.Kf3 Ke6 69.Ke4 g6 70.Kf4 Kf6 71.Ra1 Ke6 72.Kg5 Kf7 73.Kh6 Kg8 
74.g5 Kf7 75.Kh7 Kf8 76.Rf1+ Ke7 77.Rf6 Rxa5 78.Kxg6 Rb5 79.Rf1 Rb2 80.Kg7
Rg2 81.g6 Rh2 82.Kg8 Rg2 83.g7 Rh2 84.Re1+ Kd7 85.Re4 Rh3 86.Kf7 Rf3+ 87.
Kg6 Rg3+ 88.Kf6 1-0

[Event "Oakham Young Masters"]
[Site "Oakham"]
[Date "1988.03.29"]
[Round "2.18"]
[White "Madl, Ildiko"]
[Black "Trabert, Bettina"]
[Result "1-0"]
[WhiteElo "2380"]
[BlackElo "2230"]
[EventDate "1988.03.28"]
[PlyCount "81"]
[Source "John Saunders"]

1.e4 e5 2.Nf3 Nc6 3.Bb5 a6 4.Ba4 d6 5.O-O Bd7 6.c3 g6 7.d4 Bg7 8.h3 Qe7 9.
Re1 Nf6 10.d5 Nd8 11.Bc2 h6 12.Be3 Nh7 13.Nh2 Qh4 14.Nd2 Ng5 15.Ndf3 Nxf3+
16.Nxf3 Qh5 17.Bd3 g5 18.c4 b6 19.b4 O-O 20.Rc1 Qg6 21.c5 bxc5 22.bxc5 f5 
23.exf5 Bxf5 24.Be2 dxc5 25.Rxc5 Qd6 26.Nd2 Qd7 27.Qc1 Rf7 28.Ra5 Rf6 29.
Nc4 Nf7 30.Rd1 Rb8 31.Qc3 Rb5 32.d6 Rxa5 33.Qxa5 cxd6 34.Nb6 Qc6 35.Nd5 
Re6 36.Rc1 Qd7 37.Bxa6 Re8 38.Bb5 Qd8 39.Bb6 Qa8 40.Bxe8 Qxd5 41.Qxd5 1-0

[Event "Oakham Young Masters"]
[Site "Oakham"]
[Date "1988.03.29"]
[Round "2.19"]
[White "Quillan, Gary"]
[Black "Fogarasi, Tibor"]
[Result "0-1"]
[WhiteElo "2275"]
[BlackElo "2355"]
[EventDate "1988.03.28"]
[PlyCount "90"]
[Source "John Saunders"]

1.e4 c5 2.Nf3 e6 3.c3 d5 4.e5 d4 5.Bd3 Nc6 6.O-O Nge7 7.Qe2 Nf5 8.Na3 h5 
9.Nc2 g5 10.b4 g4 11.Nfe1 cxb4 12.cxb4 Bxb4 13.Nxb4 Nxb4 14.Bxf5 exf5 15.
Qb5+ Nc6 16.Ba3 Qd7 17.Rc1 Nd8 18.Qb1 b6 19.Bd6 Nc6 20.Qb5 Bb7 21.Nd3 Rc8 
22.Nf4 Rh6 23.Rfe1 h4 24.Ba3 Ne7 25.Rxc8+ Bxc8 26.Qb3 Bb7 27.Bd6 Rxd6 28.
exd6 Qxd6 29.Qb5+ Kd8 30.Qe2 Bc6 31.Nh5 Ng6 32.Qc4 Ne5 33.Qa6 h3 34.Qxa7 
Bxg2 35.Rxe5 Qxe5 36.Qxb6+ Kc8 37.Qb1 f4 38.Ng7 Qxg7 39.Qf5+ Kd8 40.Qxf4 
Ke7 41.Qc7+ Kf6 42.Qd6+ Kg5 43.f4+ Kf5 44.Kf2 Qf6 45.Qc5+ Kxf4 0-1

[Event "Oakham Young Masters"]
[Site "Oakham"]
[Date "1988.03.29"]
[Round "2.20"]
[White "Agnos, Demetrios"]
[Black "Canfell, Gregory"]
[Result "1/2-1/2"]
[WhiteElo "2340"]
[BlackElo "2200"]
[EventDate "1988.03.28"]
[PlyCount "90"]
[Source "John Saunders"]

1.d4 Nf6 2.c4 g6 3.Nc3 Bg7 4.e4 d6 5.Nf3 O-O 6.Be2 e5 7.O-O Nc6 8.d5 Ne7 
9.Nd2 c5 10.dxc6 bxc6 11.b4 d5 12.a3 Be6 13.Bb2 Rc8 14.Na4 Nd7 15.Nb3 f5 
16.Nbc5 Nxc5 17.Nxc5 Bf7 18.exf5 Nxf5 19.cxd5 cxd5 20.Bg4 Re8 21.Bxf5 gxf5
22.f4 d4 23.fxe5 Bxe5 24.Qd3 Bg6 25.Rad1 Qh4 26.g3 Qh3 27.Qd2 Rcd8 28.Nd3 
Bc7 29.Nf4 Qg4 30.Qd3 Bf7 31.Bc1 Re4 32.h3 Qg7 33.Kh2 Rde8 34.Rf2 Re3 35.
Bxe3 Rxe3 36.Qxf5 Qxg3+ 37.Kh1 Qxf2 38.Rg1+ Rg3 39.Qc8+ Kg7 40.Rxg3+ Qxg3 
41.Qxc7 Qe1+ 42.Kg2 d3 43.Nh5+ Kg6 44.Nf4+ Kg7 45.Nh5+ Kg6 1/2-1/2

[Event "Oakham Young Masters"]
[Site "Oakham"]
[Date "1988.03.29"]
[Round "2.21"]
[White "Dunnington, Angus"]
[Black "Hepworth, Mandy"]
[Result "1/2-1/2"]
[WhiteElo "2330"]
[BlackElo "2125"]
[EventDate "1988.03.28"]
[PlyCount "50"]
[Source "John Saunders"]

1.d4 Nf6 2.c4 e6 3.Nf3 b6 4.a3 Bb7 5.Nc3 d5 6.cxd5 exd5 7.Bf4 Bd6 8.Bxd6 
Qxd6 9.Rc1 c6 10.e3 O-O 11.Bd3 Re8 12.O-O Ba6 13.Bxa6 Nxa6 14.Qd3 Nc7 15.
Na4 Ne6 16.b4 Rec8 17.Qa6 Ne4 18.Rfd1 f6 19.Rc2 Qd7 20.Nd2 Nc7 21.Qe2 Nxd2
22.Qxd2 c5 23.Nc3 c4 24.e4 b5 25.e5 f5 1/2-1/2

[Event "Oakham Young Masters"]
[Site "Oakham"]
[Date "1988.03.29"]
[Round "2.22"]
[White "Tozer, Richard"]
[Black "Schlosser, Michael"]
[Result "1/2-1/2"]
[WhiteElo "2255"]
[BlackElo "2330"]
[EventDate "1988.03.28"]
[PlyCount "56"]
[Source "John Saunders"]

1.d4 Nf6 2.c4 g6 3.Nc3 Bg7 4.e4 d6 5.f4 O-O 6.Nf3 c5 7.d5 e6 8.Be2 exd5 9.
cxd5 Re8 10.e5 dxe5 11.fxe5 Ng4 12.Bg5 Qb6 13.O-O Nxe5 14.d6 Qxb2 15.Nd5 
Nxf3+ 16.Bxf3 Bd4+ 17.Kh1 Qxa1 18.Qxa1 Bxa1 19.Rxa1 Re5 20.Ne7+ Kg7 21.
Nxc8 Nd7 22.Bxb7 Rb8 23.Bc6 Rxg5 24.Bxd7 c4 25.Nxa7 c3 26.Ba4 Rb2 27.Rd1 
Rgxg2 28.d7 Rxh2+ 1/2-1/2

[Event "Oakham Young Masters"]
[Site "Oakham"]
[Date "1988.03.29"]
[Round "2.23"]
[White "Wians, Camille"]
[Black "Matveeva, Svetlana"]
[Result "1-0"]
[WhiteElo "2215"]
[BlackElo "2310"]
[EventDate "1988.03.28"]
[PlyCount "70"]
[Source "John Saunders"]

1.c4 Nf6 2.Nc3 g6 3.g3 Bg7 4.Bg2 d6 5.e4 e5 6.Nge2 O-O 7.O-O Nc6 8.d3 Be6 
9.h3 Qd7 10.Kh2 Kh8 11.Be3 Nh5 12.Nd5 Nd4 13.Nxd4 exd4 14.Bd2 c6 15.Nf4 
Nxf4 16.Bxf4 Rae8 17.Qd2 f5 18.exf5 Rxf5 19.Rae1 Ref8 20.Bg5 Re5 21.f4 
Rxe1 22.Rxe1 Re8 23.g4 Bf7 24.b3 h6 25.Bh4 b6 26.Bf3 Rxe1 27.Qxe1 d5 28.
Qe7 Qxe7 29.Bxe7 dxc4 30.dxc4 c5 31.Be4 Kg8 32.Bd6 Bf8 33.Bb8 a6 34.Bd3 
Be7 35.Bc7 Kf8 1-0

[Event "Oakham Young Masters"]
[Site "Oakham"]
[Date "1988.03.29"]
[Round "2.24"]
[White "Buecker, Karsten"]
[Black "Hennigan, Michael"]
[Result "0-1"]
[WhiteElo "2200"]
[BlackElo "2300"]
[EventDate "1988.03.28"]
[PlyCount "80"]
[Source "John Saunders"]

1.e4 d6 2.d4 g6 3.Nc3 Bg7 4.g3 Nf6 5.Bg2 O-O 6.Nf3 c6 7.O-O Qc7 8.Be3 e5 
9.dxe5 dxe5 10.Qe2 Nbd7 11.Rfd1 b5 12.a3 Re8 13.Nd2 a5 14.Nb3 Bf8 15.f3 a4
16.Nc1 Nc5 17.Nd3 Nxd3 18.cxd3 Be6 19.d4 exd4 20.Bxd4 Nd7 21.Rac1 Nc5 22.
Kh1 Bb3 23.Rg1 Bc4 24.Qe3 Nb3 25.Rcd1 Nxd4 26.Qxd4 Bb3 27.Rc1 Qa5 28.Bh3 
Red8 29.Qf6 Rd6 30.Qf4 b4 31.Nb1 Rad8 32.Rg2 Rd1+ 33.Rxd1 Rxd1+ 34.Rg1 
Rxg1+ 35.Kxg1 Qc5+ 36.Kh1 Qc2 37.Nd2 Qxb2 38.axb4 a3 39.Qe3 Qc1+ 40.Kg2 a2
0-1

[Event "Oakham Young Masters"]
[Site "Oakham"]
[Date "1988.03.29"]
[Round "2.25"]
[White "Szmigielska, Anna"]
[Black "Navrotescu, Catalin"]
[Result "0-1"]
[WhiteElo "2110"]
[BlackElo "2280"]
[EventDate "1988.03.28"]
[PlyCount "70"]
[Source "John Saunders"]

1.e4 c5 2.Nf3 e6 3.d4 cxd4 4.Nxd4 a6 5.Bd3 Nf6 6.O-O d6 7.Nc3 g6 8.Nb3 Bg7
9.f4 O-O 10.Qf3 Nc6 11.Be3 Qc7 12.Qh3 b5 13.Kh1 Rb8 14.Qh4 Re8 15.Bd2 d5 
16.exd5 Nxd5 17.Nxd5 exd5 18.f5 Ne5 19.fxg6 hxg6 20.Rae1 Qd7 21.Bf4 Rb6 
22.Qf2 Rf6 23.Qe3 Re7 24.Nc5 Qe8 25.Qd4 Nxd3 26.Rxe7 Qxe7 27.Nxd3 Qe4 28.
Qc5 Bh3 29.Qf2 g5 30.Re1 Qg6 31.Re8+ Kh7 32.Qg3 Be6 33.Be3 Rf1+ 34.Bg1 Bd4
35.Nf2 Bxf2 0-1

[Event "Oakham Young Masters"]
[Site "Oakham"]
[Date "1988.03.29"]
[Round "2.26"]
[White "Girinath, Puligadda"]
[Black "Buckley, Graeme"]
[Result "1-0"]
[WhiteElo "2200"]
[BlackElo "2200"]
[EventDate "1988.03.28"]
[PlyCount "45"]
[Source "John Saunders"]

1.e4 c5 2.Nf3 e6 3.d4 cxd4 4.Nxd4 Nf6 5.Nc3 d6 6.Be2 Be7 7.Be3 Nc6 8.O-O 
O-O 9.Kh1 a6 10.f4 Qc7 11.Qe1 Nxd4 12.Bxd4 e5 13.fxe5 dxe5 14.Qg3 Bd6 15.
Be3 Kh8 16.Rxf6 gxf6 17.Nd5 Qd8 18.Bb6 Qe7 19.Nxe7 Bxe7 20.Qf2 Be6 21.Bc5 
Bxc5 22.Qxf6+ Kg8 23.Qg5+ 1-0

[Event "Oakham Young Masters"]
[Site "Oakham"]
[Date "1988.03.30"]
[Round "3.2"]
[White "Gelfand, Boris"]
[Black "Gdanski, Jacek"]
[Result "1-0"]
[WhiteElo "2505"]
[BlackElo "2355"]
[EventDate "1988.03.28"]
[PlyCount "120"]
[Source "John Saunders"]

1.d4 d5 2.Nf3 Nf6 3.c4 dxc4 4.e3 a6 5.Bxc4 e6 6.Qe2 c5 7.dxc5 Bxc5 8.O-O 
b5 9.Bd3 Bb7 10.Bxb5+ Nbd7 11.Ba4 O-O 12.Nc3 Qc7 13.a3 Ba7 14.Bc2 Rac8 15.
e4 Ng4 16.h3 Nge5 17.Bf4 Qc4 18.Nxe5 Qxe2 19.Nxe2 Nxe5 20.Rfc1 Nc4 21.b3 
e5 22.Bg3 Nd2 23.Bxe5 Nxe4 24.Bd4 Bxd4 25.Nxd4 Rfd8 26.Nf5 Kf8 27.Bxe4 
Rxc1+ 28.Rxc1 Bxe4 29.Ng3 Bg6 30.Ne2 Rd2 31.Nf4 Bc2 32.b4 g6 33.Kf1 Ba4 
34.Rc3 Ra2 35.Nd5 Bb5+ 36.Kg1 Kg7 37.Nc7 Be2 38.Re3 Bc4 39.Ne8+ Kf8 40.Nd6
Be6 41.Ne4 Kg7 42.Rc3 Bd7 43.Rc7 Be6 44.Nc5 Bc4 45.a4 Rb2 46.Rb7 h5 47.h4 
Bd5 48.Rb6 Bc4 49.Ne4 Bd5 50.Nd6 Kf8 51.b5 axb5 52.Rxb5 Rd2 53.a5 Bc6 54.
Rb8+ Ke7 55.Nc8+ Kd7 56.Nb6+ Ke7 57.a6 Rd1+ 58.Kh2 Rd4 59.Kh3 Rd3+ 60.f3 
Rd8 1-0

[Event "Oakham Young Masters"]
[Site "Oakham"]
[Date "1988.03.30"]
[Round "3.3"]
[White "Brunner, Lucas"]
[Black "Serper, Grigory"]
[Result "1-0"]
[WhiteElo "2415"]
[BlackElo "2450"]
[EventDate "1988.03.28"]
[PlyCount "113"]
[Source "John Saunders"]

1.e4 c5 2.Nf3 d6 3.d4 cxd4 4.Nxd4 Nf6 5.Nc3 Nc6 6.Bc4 Qb6 7.Nde2 e6 8.O-O 
Be7 9.Bb3 O-O 10.Bg5 a6 11.Bxf6 Bxf6 12.Qxd6 Rd8 13.Qg3 Be5 14.Qh3 Bd7 15.
Kh1 Nd4 16.f4 Nxe2 17.fxe5 Nxc3 18.Qxc3 Bc6 19.Rf4 Qd4 20.Qxd4 Rxd4 21.
Raf1 Rd7 22.h4 h6 23.h5 a5 24.a4 b5 25.axb5 Bxb5 26.R1f3 a4 27.Ba2 Rc8 28.
Rg3 Rxc2 29.Rfg4 Rxb2 30.Rxg7+ Kf8 31.Bxe6 Rd1+ 32.Kh2 Be8 33.Bd5 Rbb1 34.
R3g4 Rh1+ 35.Kg3 Rxh5 36.e6 fxe6 37.Bxe6 Ra1 38.Kf2 Rg5 39.R4xg5 hxg5 40.
Rxg5 Ke7 41.Bd5 a3 42.Rg7+ Kd6 43.Ra7 Kc5 44.g4 Kb4 45.g5 Ba4 46.Rb7+ Kc5 
47.g6 a2 48.g7 Rf1+ 49.Kxf1 a1=Q+ 50.Kg2 Qe1 51.g8=Q Qd2+ 52.Kg3 Qe3+ 53.
Kg4 Bd1+ 54.Kf5 Qh3+ 55.Kf6 Qh6+ 56.Qg6 Qf4+ 57.Kg7 1-0